| 000 | 00671nam a22001577a 4500 | ||
|---|---|---|---|
| 003 | OSt | ||
| 005 | 20151003152211.0 | ||
| 008 | 151003b xxu||||| |||| 00| 0 eng d | ||
| 040 | _cRUA | ||
| 082 | _aAVM PEA 1993 B073 Or.1 | ||
| 100 |
_91918 _aPHENG BUNTHHA |
||
| 245 | _aBalance of nitrogen in pigs feeding fibrous diets based full-fat rubber seeds, (តុល្យភាពអាសូតលើជ្រូកដោយផ្ដល់ចំណីដែលមានជាតិសរសៃខ្ពស់ដោយប្រើប្រាស់គ្រាប់កៅស៊ូ) | ||
| 260 |
_aphnom penh _bRUA 1993 |
||
| 300 |
_axi, 65p. _bill _c29cm. |
||
| 942 |
_2ddc _cAVM |
||
| 999 |
_c1813 _d1813 |
||